[Event "43. Olimpiada Batumi 2018 Femenina"]
[Site "Batumi GEO"]
[Date "2018.09.26"]
[Round "3.2"]
[White "Bouah, Denise"]
[Black "Tjong Tjin Joe, Kaithlyn"]
[Result "1-0"]
[WhiteElo "1780"]
[BlackElo "1683"]
[PlyCount "85"]
[EventDate "2018.09.24"]
[EventType "team-swiss"]
[EventRounds "11"]
[EventCountry "GEO"]
[SourceTitle "Ajedrez en Madrid"]
[Source "lmi"]
[SourceDate "2018.09.24"]
[WhiteTeam "South Africa"]
[BlackTeam "Surinam"]
[WhiteTeamCountry "RSA"]
[BlackTeamCountry "SUR"]

1. e4 e5 2. Nf3 Nc6 3. Bb5 a6 4. Ba4 Nf6 5. O-O b5 6. Bb3 Bc5 7. c3 O-O 8. Re1
d6 9. h3 h6 10. a4 Be6 11. Bc2 Qd7 12. d4 exd4 13. cxd4 Bb4 14. d5 Bxe1 15.
Nxe1 Nb4 16. dxe6 Qxe6 17. f3 d5 18. Bb3 Qb6+ 19. Kh1 dxe4 20. Nc3 Rad8 21. Qe2
exf3 22. Qxf3 Nc6 23. Nc2 Ne5 24. Qg3 Nd3 25. Be3 Nh5 26. Qf3 Qg6 27. Nd5 Ng3+
28. Kh2 Qd6 29. Qxg3 c6 30. Qxd6 Rxd6 31. Nf4 Rfd8 32. axb5 cxb5 33. Nxd3 Rxd3
34. Ba2 Rc8 35. Bb1 Rxc2 36. Bxc2 Rxe3 37. Rxa6 g6 38. Rc6 Kg7 39. Rc5 Re2 40.
b3 b4 41. Rc4 g5 42. Bd1 Rd2 43. Bf3 1-0

[Event "43. Olimpiada Batumi 2018 Femenina"]
[Site "Batumi GEO"]
[Date "2018.09.26"]
[Round "3.3"]
[White "Frijde, Reyna"]
[Black "Fisher, Michelle M"]
[Result "0-1"]
[WhiteElo "1559"]
[BlackElo "1707"]
[PlyCount "88"]
[EventDate "2018.09.24"]
[EventType "team-swiss"]
[EventRounds "11"]
[EventCountry "GEO"]
[SourceTitle "Ajedrez en Madrid"]
[Source "lmi"]
[SourceDate "2018.09.24"]
[WhiteTeam "Surinam"]
[BlackTeam "South Africa"]
[WhiteTeamCountry "SUR"]
[BlackTeamCountry "RSA"]

1. e4 c5 2. c3 Nf6 3. d3 Nc6 4. Nf3 e5 5. Be2 Be7 6. Nbd2 d5 7. Qc2 O-O 8. O-O
Qc7 9. Rd1 b6 10. Nf1 d4 11. Ng3 Ne8 12. Re1 Nd6 13. Bf1 Be6 14. Ng5 Bxg5 15.
Bxg5 f6 16. Bd2 f5 17. exf5 Nxf5 18. Ne4 h6 19. g3 Nd6 20. Nxd6 Qxd6 21. c4 Bg4
22. Bg2 Bf3 23. Rf1 Qf6 24. Be1 Bxg2 25. Kxg2 Qf3+ 26. Kg1 e4 27. dxe4 d3 28.
Qd1 Nd4 29. Qxf3 Nxf3+ 30. Kg2 d2 31. Bxd2 Nxd2 32. Rfe1 Rae8 33. Rad1 Nxe4 34.
f3 Ng5 35. Rxe8 Rxe8 36. Kf2 Ne6 37. Rd7 Nd4 38. Rxa7 Re2+ 39. Kf1 Rxb2 40. Ra6
Nxf3 41. h4 Nd2+ 42. Ke1 Nxc4 43. Kf1 Ne3+ 44. Kg1 c4 0-1

[Event "43. Olimpiada Batumi 2018 Femenina"]
[Site "Batumi GEO"]
[Date "2018.09.26"]
[Round "3.4"]
[White "Selkirk, Rebecca"]
[Black "Kaslan, Alexandra"]
[Result "1-0"]
[WhiteElo "1733"]
[BlackElo "1414"]
[PlyCount "71"]
[EventDate "2018.09.24"]
[EventType "team-swiss"]
[EventRounds "11"]
[EventCountry "GEO"]
[SourceTitle "Ajedrez en Madrid"]
[Source "lmi"]
[SourceDate "2018.09.24"]
[WhiteTeam "South Africa"]
[BlackTeam "Surinam"]
[WhiteTeamCountry "RSA"]
[BlackTeamCountry "SUR"]

1. e4 c5 2. c3 d6 3. d4 cxd4 4. cxd4 Nf6 5. Nc3 e6 6. f4 Be7 7. Bd3 a6 8. Nge2
Nbd7 9. O-O Qc7 10. e5 Nd5 11. Nxd5 exd5 12. Nc3 Nb6 13. Qf3 dxe5 14. fxe5 Be6
15. Qg3 O-O-O 16. Be3 Kb8 17. Rfc1 Qd7 18. b3 g5 19. a4 h5 20. a5 h4 21. Qe1
Na8 22. b4 Nc7 23. Rab1 g4 24. Bf1 Rdg8 25. b5 Ka8 26. b6 Ne8 27. Bxa6 g3 28.
Bxb7+ Qxb7 29. a6 gxh2+ 30. Kh1 Qb8 31. b7+ Ka7 32. Nb5+ Kxa6 33. Nc7+ Nxc7 34.
Rc6+ Ka7 35. Qa5+ Na6 36. Qxa6# 1-0

[Event "43. Olimpiada Batumi 2018 Femenina"]
[Site "Batumi GEO"]
[Date "2018.09.26"]
[Round "3.1"]
[White "Hamoonga, Linda Banti"]
[Black "Hernandez, Bera"]
[Result "0-1"]
[WhiteElo "1767"]
[BlackElo "1778"]
[PlyCount "130"]
[EventDate "2018.09.24"]
[EventType "team-swiss"]
[EventRounds "11"]
[EventCountry "GEO"]
[SourceTitle "Ajedrez en Madrid"]
[Source "lmi"]
[SourceDate "2018.09.24"]
[WhiteTeam "Zambia"]
[BlackTeam "El Salvador"]
[WhiteTeamCountry "ZAM"]
[BlackTeamCountry "ESA"]

1. d4 d5 2. Nf3 e6 3. c4 Be7 4. Bf4 Nf6 5. Nc3 c6 6. e3 Nbd7 7. h3 b6 8. Bd3
Bb7 9. cxd5 exd5 10. O-O O-O 11. Rc1 a6 12. Qe2 c5 13. dxc5 Nxc5 14. Bb1 Bd6
15. Bxd6 Qxd6 16. Rfd1 Qe7 17. Nd4 Rfe8 18. a3 Rad8 19. b4 Nce4 20. Na4 b5 21.
Nc5 Rc8 22. Bxe4 dxe4 23. Nf5 Qe5 24. Nd6 Bd5 25. Nxc8 Bc4 26. Qd2 Rxc8 27. Qd6
Qe8 28. Nxa6 Rc6 29. Nc7 Rxd6 30. Nxe8 Rxd1+ 31. Rxd1 Nxe8 32. Rd4 Bd3 33. f3
f5 34. Rd8 Kf7 35. Kf2 Ke7 36. Rc8 Kd7 37. Rc5 Nd6 38. Rc3 Bc4 39. f4 Kc6 40.
Ke1 Nc8 41. a4 Nb6 42. axb5+ Kxb5 43. Rc1 Kxb4 44. Rb1+ Bb3 45. Ke2 Na4 46. Rc1
Bc4+ 47. Kd2 Nc5 48. Rb1+ Nb3+ 49. Ke1 Kc3 50. Kf2 Kc2 51. Re1 Nc1 52. Rg1 Kd2
53. g4 Nd3+ 54. Kg3 Kxe3 55. gxf5 Nxf4 56. Kh2 Nh5 57. Rg5 Be2 58. Kg1 Bf3 59.
Kf1 Kf4 60. h4 Ng3+ 61. Ke1 Nxf5 62. Rg1 g6 63. Kf2 Nxh4 64. Kf1 e3 65. Ke1
Ng2+ 0-1

[Event "43. Olimpiada Batumi 2018 Femenina"]
[Site "Batumi GEO"]
[Date "2018.09.26"]
[Round "3.2"]
[White "Santos, Judith"]
[Black "Bwalya Mulwale, Lubuuto"]
[Result "1-0"]
[WhiteElo "1702"]
[BlackElo "1607"]
[PlyCount "83"]
[EventDate "2018.09.24"]
[EventType "team-swiss"]
[EventRounds "11"]
[EventCountry "GEO"]
[SourceTitle "Ajedrez en Madrid"]
[Source "lmi"]
[SourceDate "2018.09.24"]
[WhiteTeam "El Salvador"]
[BlackTeam "Zambia"]
[WhiteTeamCountry "ESA"]
[BlackTeamCountry "ZAM"]

1. e4 c5 2. Nf3 g6 3. c3 Bg7 4. d4 cxd4 5. cxd4 Nf6 6. Nc3 O-O 7. Bd3 d6 8. O-O
Bg4 9. h3 Bxf3 10. Qxf3 Nc6 11. Be3 Qd7 12. Rfd1 Rfc8 13. Rac1 a6 14. Qe2 b5
15. e5 Ne8 16. f4 e6 17. d5 Nd8 18. Be4 Rab8 19. dxe6 fxe6 20. Bf3 d5 21. Bg4
Nc7 22. Ne4 Nb7 23. Qf2 Qf7 24. Ng5 Qe7 25. Rc6 Nd8 26. Rc2 h6 27. Bc5 Qd7 28.
Ne4 Ne8 29. Nc3 Qc7 30. Nxd5 exd5 31. Bxc8 Rxc8 32. Rxd5 Qf7 33. Rcd2 Ne6 34.
Be3 Rc1+ 35. Kh2 Bf8 36. Rd7 Qf5 37. Qh4 Qb1 38. Qg4 Rh1+ 39. Kg3 Qe1+ 40. Bf2
Qe4 41. Qxe6+ Kh8 42. Qxe8 1-0

[Event "43. Olimpiada Batumi 2018 Femenina"]
[Site "Batumi GEO"]
[Date "2018.09.26"]
[Round "3.3"]
[White "Simenda, Daisy"]
[Black "Zavala Galindo, Alejandra Beatri"]
[Result "1/2-1/2"]
[WhiteElo "1509"]
[BlackElo "1713"]
[PlyCount "160"]
[EventDate "2018.09.24"]
[EventType "team-swiss"]
[EventRounds "11"]
[EventCountry "GEO"]
[SourceTitle "Ajedrez en Madrid"]
[Source "lmi"]
[SourceDate "2018.09.24"]
[WhiteTeam "Zambia"]
[BlackTeam "El Salvador"]
[WhiteTeamCountry "ZAM"]
[BlackTeamCountry "ESA"]

1. e4 c5 2. Nf3 d6 3. d4 cxd4 4. Nxd4 Nf6 5. Nc3 Nc6 6. Be2 e5 7. Nf5 Nxe4 8.
Nxg7+ Bxg7 9. Nxe4 d5 10. Nc3 Be6 11. Bb5 O-O 12. O-O Nd4 13. Ba4 a6 14. Ne2
Nxe2+ 15. Qxe2 Qh4 16. Bb3 f5 17. f4 e4 18. c3 Bf7 19. Be3 b5 20. Bf2 Qe7 21.
Rad1 Rfd8 22. Qe1 a5 23. Bh4 Qc5+ 24. Kh1 Rd7 25. Qg3 Ra6 26. Qh3 d4 27. Bxf7+
Rxf7 28. cxd4 Bxd4 29. Rc1 Qf8 30. Rfd1 Rd6 31. Qg3+ Rg6 32. Qb3 Bf6 33. Bxf6
Rgxf6 34. Qxb5 Qb4 35. Rc8+ Kg7 36. Qxb4 axb4 37. Rb8 e3 38. Kg1 Ra6 39. Rxb4
Rxa2 40. Re1 Re7 41. Rb3 Kg6 42. g3 Rd7 43. Rb6+ Kh5 44. h3 Rd2 45. Rb5 Raxb2
46. Rxb2 Rxb2 47. Rxe3 Kg6 48. Rf3 Kh5 49. Rf2 Rb3 50. Kg2 Ra3 51. Re2 Kg6 52.
Kf2 Kf6 53. Re3 Ra2+ 54. Kf3 Rh2 55. h4 h5 56. Rd3 Ra2 57. Rd6+ Kg7 58. Rd7+
Kf6 59. Rd8 Kg7 60. Rd7+ Kf6 61. Rh7 Kg6 62. Rh8 Ra3+ 63. Kg2 Ra2+ 64. Kh3 Ra5
65. Rg8+ Kh6 66. Kg2 Ra2+ 67. Kf3 Ra5 68. Ke3 Rd5 69. Re8 Kg6 70. Re6+ Kg7 71.
Re5 Rxe5+ 72. fxe5 Kf7 73. Kf4 Ke6 74. Kg5 Kxe5 75. Kxh5 Kf6 76. g4 fxg4 77.
Kxg4 Kg6 78. h5+ Kh7 79. Kg5 Kg7 80. h6+ Kh8 1/2-1/2

[Event "43. Olimpiada Batumi 2018 Femenina"]
[Site "Batumi GEO"]
[Date "2018.09.26"]
[Round "3.4"]
[White "Garcia Mendez, Alcira Guadalupe"]
[Black "Mbatha, Constance"]
[Result "1-0"]
[WhiteElo "1741"]
[BlackElo "1734"]
[PlyCount "99"]
[EventDate "2018.09.24"]
[EventType "team-swiss"]
[EventRounds "11"]
[EventCountry "GEO"]
[SourceTitle "Ajedrez en Madrid"]
[Source "lmi"]
[SourceDate "2018.09.24"]
[WhiteTeam "El Salvador"]
[BlackTeam "Zambia"]
[WhiteTeamCountry "ESA"]
[BlackTeamCountry "ZAM"]

1. e4 e5 2. Nf3 d6 3. d4 exd4 4. Nxd4 Nf6 5. Nc3 a6 6. Bg5 Be7 7. Qd2 Nc6 8.
O-O-O Be6 9. h3 O-O 10. f4 Nxd4 11. Qxd4 c5 12. Qd2 Qa5 13. e5 dxe5 14. fxe5
Nd5 15. Nxd5 Qxd2+ 16. Bxd2 Bxd5 17. c4 Bc6 18. Rg1 Rfd8 19. g4 Bf3 20. Re1 Bh4
21. Re3 Bf2 22. Rxf3 Bxg1 23. Rb3 Rd7 24. Bg2 Rad8 25. Ba5 Rd1+ 26. Kc2 b6 27.
Rxb6 Be3 28. Rxa6 Rc1+ 29. Kb3 Rb8+ 30. Bb6 Rd1 31. a4 Rd3+ 32. Ka2 Bd4 33. a5
Rd2 34. Bd5 Rxb2+ 35. Ka3 Bxe5 36. Ra7 R2xb6 37. axb6 Rxb6 38. Rxf7 Ra6+ 39.
Kb3 Rb6+ 40. Ka4 Rb4+ 41. Ka5 h6 42. Re7+ Kf8 43. Rxe5 Rb3 44. h4 g6 45. h5
gxh5 46. gxh5 Kg7 47. Rf5 Kh7 48. Be4 Kg7 49. Rxc5 Kf6 50. Rb5 1-0

[Event "43. Olimpiada Batumi 2018 Femenina"]
[Site "Batumi GEO"]
[Date "2018.09.26"]
[Round "3.1"]
[White "Barria Baker, Raisa Melissa"]
[Black "Caruana Pulpan, Oana"]
[Result "0-1"]
[WhiteElo "1962"]
[BlackElo "1863"]
[PlyCount "108"]
[EventDate "2018.09.24"]
[EventType "team-swiss"]
[EventRounds "11"]
[EventCountry "GEO"]
[SourceTitle "Ajedrez en Madrid"]
[Source "lmi"]
[SourceDate "2018.09.24"]
[WhiteTeam "Panama"]
[BlackTeam "Malta"]
[WhiteTeamCountry "PAN"]
[BlackTeamCountry "MLT"]

1. Nf3 f5 2. d3 g6 3. e4 d6 4. Nc3 Bg7 5. h4 h6 6. Nd5 e5 7. exf5 Bxf5 8. Qe2
c6 9. Ne3 Be6 10. Bd2 Nd7 11. Nc4 Qe7 12. Na5 Nb6 13. a3 Nf6 14. O-O-O O-O-O
15. Be3 Qc7 16. d4 e4 17. Nd2 Nbd5 18. Ndb3 Bg4 19. f3 exf3 20. gxf3 Rhe8 21.
fxg4 Nxe3 22. Rd3 Nc4 23. Nxc4 Rxe2 24. Bxe2 Re8 25. Bf3 Qe7 26. Re3 Qd7 27.
Rxe8+ Nxe8 28. Re1 Kc7 29. d5 Qf7 30. Nbd2 Bf6 31. Kd1 Bxh4 32. Re6 Bg5 33. Ke2
b5 34. Ne3 Nf6 35. Ndf1 Kd7 36. c4 a6 37. Nd2 Bf4 38. a4 bxa4 39. Ne4 Nxd5 40.
cxd5 cxd5 41. Rf6 Qg7 42. Rxf4 dxe4 43. Bxe4 Qxb2+ 44. Kf3 a3 45. Rf7+ Kd8 46.
Ra7 a2 47. Ra8+ Kd7 48. Ra7+ Ke6 49. g5 a1=Q 50. Bd5+ Ke5 51. Re7+ Kd4 52. Re4+
Kc3 53. Rc4+ Kd2 54. Kf2 Qe1+ 0-1

[Event "43. Olimpiada Batumi 2018 Femenina"]
[Site "Batumi GEO"]
[Date "2018.09.26"]
[Round "3.2"]
[White "Thornton, Filipina"]
[Black "Carrillo Marval, Maria Angelica"]
[Result "1/2-1/2"]
[WhiteElo "1712"]
[BlackElo "1712"]
[PlyCount "141"]
[EventDate "2018.09.24"]
[EventType "team-swiss"]
[EventRounds "11"]
[EventCountry "GEO"]
[SourceTitle "Ajedrez en Madrid"]
[Source "lmi"]
[SourceDate "2018.09.24"]
[WhiteTeam "Malta"]
[BlackTeam "Panama"]
[WhiteTeamCountry "MLT"]
[BlackTeamCountry "PAN"]

1. d4 d5 2. c4 e6 3. Nc3 Nf6 4. cxd5 exd5 5. Bg5 Be7 6. e3 Bf5 7. Qb3 b6 8.
Bxf6 Bxf6 9. Qxd5 Qxd5 10. Nxd5 Bd8 11. Rc1 c6 12. Nb4 Bd7 13. Nf3 a5 14. Nd3
f6 15. Be2 Na6 16. O-O O-O 17. Nf4 Bc7 18. Bc4+ Kh8 19. Ne6 Bxe6 20. Bxe6 c5
21. d5 Bd6 22. Rfd1 f5 23. Nd2 b5 24. e4 g6 25. Nb3 fxe4 26. Nxa5 Ra7 27. a3
Re7 28. Nc6 Ree8 29. Rc3 b4 30. axb4 cxb4 31. Rc4 Nc5 32. Bg4 Nd3 33. Rc2 Ne5
34. Be2 Rf6 35. Nxe5 Bxe5 36. b3 Bd6 37. Rc6 Rd8 38. Ra1 Be5 39. Rd1 Rfd6 40.
Rxd6 Rxd6 41. g3 Rf6 42. Bf1 Bd6 43. Bg2 Bc5 44. Bxe4 Rxf2 45. Kh1 Rf6 46. Kg2
Kg7 47. Bf3 Bd6 48. Kf2 Bc5+ 49. Ke2 Kf7 50. Rc1 Bd6 51. Bg4 Ke7 52. Be6 h6 53.
Rc8 Rf8 54. Rc4 Kf6 55. Kd3 Ke7 56. Rc2 Rf3+ 57. Kc4 Rf8 58. Ra2 Rf3 59. Rc2
Rf8 60. Kb5 Rf3 61. Kc4 Rf8 62. Re2 Kd8 63. Bh3 Rf6 64. Re6 Rxe6 65. dxe6 Ke7
66. Kd5 Bb8 67. Bg2 Bd6 68. Be4 g5 69. Bf3 Bb8 70. Be4 Bd6 71. Bf3 1/2-1/2

[Event "43. Olimpiada Batumi 2018 Femenina"]
[Site "Batumi GEO"]
[Date "2018.09.26"]
[Round "3.3"]
[White "Gonzalez, Yaribeth"]
[Black "Farrugia, Jamie"]
[Result "0-1"]
[WhiteElo "1727"]
[BlackElo "1582"]
[PlyCount "99"]
[EventDate "2018.09.24"]
[EventType "team-swiss"]
[EventRounds "11"]
[EventCountry "GEO"]
[SourceTitle "Ajedrez en Madrid"]
[Source "lmi"]
[SourceDate "2018.09.24"]
[WhiteTeam "Panama"]
[BlackTeam "Malta"]
[WhiteTeamCountry "PAN"]
[BlackTeamCountry "MLT"]

1. e4 e5 2. Nf3 Nc6 3. Bc4 Bc5 4. O-O d6 5. d3 Nf6 6. c3 Be6 7. Bb5 Bd7 8. Nbd2
O-O 9. Ba4 Ng4 10. h3 Nh6 11. Re1 f5 12. Nf1 Qf6 13. d4 fxe4 14. Bg5 Qg6 15.
Rxe4 exd4 16. Rh4 dxc3 17. bxc3 Ne5 18. Nxe5 Qxg5 19. Qd5+ Kh8 20. Bxd7 Bxf2+
21. Kh1 Bxh4 22. Qxb7 Qxe5 23. Qxc7 Rf7 24. Qc6 Raf8 25. Nh2 Bg3 26. Nf3 Qe2
27. Qb5 Qc2 28. Bc6 Qxc3 29. Rb1 Rf5 30. Qb7 R5f7 31. Qb5 Qc2 32. Bd5 Rf5 33.
Qb3 Qxb3 34. Bxb3 Rd8 35. Nd4 Rf6 36. Ne6 Re8 37. Ng5 Re1+ 38. Rxe1 Bxe1 39.
Nf3 Bg3 40. Kg1 Nf7 41. Bd5 Ne5 42. Ng5 Rg6 43. Ne4 Nd7 44. Kf1 Rh6 45. Bf7 Be5
46. Ke2 Nf6 47. Be8 Rh4 48. Ng5 Rb4 49. Bb5 Ne4 50. a4 0-1

[Event "43. Olimpiada Batumi 2018 Femenina"]
[Site "Batumi GEO"]
[Date "2018.09.26"]
[Round "3.4"]
[White "Psaila, Uranchimeg"]
[Black "Arosemena, Betty"]
[Result "0-1"]
[WhiteElo "1446"]
[BlackElo "1598"]
[PlyCount "48"]
[EventDate "2018.09.24"]
[EventType "team-swiss"]
[EventRounds "11"]
[EventCountry "GEO"]
[SourceTitle "Ajedrez en Madrid"]
[Source "lmi"]
[SourceDate "2018.09.24"]
[WhiteTeam "Malta"]
[BlackTeam "Panama"]
[WhiteTeamCountry "MLT"]
[BlackTeamCountry "PAN"]

1. d4 d5 2. Nf3 e6 3. e3 Nf6 4. Bd3 c6 5. O-O Bd6 6. c3 O-O 7. Nbd2 Nbd7 8. Qe2
e5 9. dxe5 Nxe5 10. Nxe5 Bxe5 11. h3 Re8 12. Nf3 Bc7 13. Re1 Qd6 14. Rd1 Ne4
15. Bc2 Re6 16. Bxe4 Rxe4 17. Rd4 Bf5 18. b4 Rae8 19. Qd2 Rxd4 20. Qxd4 Be4 21.
Qc5 Qg6 22. Nh4 Qg5 23. f3 Qxh4 24. fxe4 Qe1# 0-1

[Event "43. Olimpiada Batumi 2018 Femenina"]
[Site "Batumi GEO"]
[Date "2018.09.26"]
[Round "3.1"]
[White "Mutesi, Phiona"]
[Black "Aghabekian, Liana"]
[Result "0-1"]
[WhiteElo "1637"]
[BlackElo "2188"]
[PlyCount "70"]
[EventDate "2018.09.24"]
[EventType "team-swiss"]
[EventRounds "11"]
[EventCountry "GEO"]
[SourceTitle "Ajedrez en Madrid"]
[Source "lmi"]
[SourceDate "2018.09.24"]
[WhiteTeam "Uganda"]
[BlackTeam "Luxembourg"]
[WhiteTeamCountry "UGA"]
[BlackTeamCountry "LUX"]

1. e4 e5 2. Nf3 Nc6 3. Bc4 Nf6 4. Nc3 Be7 5. O-O O-O 6. d4 exd4 7. Nxd4 d6 8.
Be3 Ne5 9. Bb3 Re8 10. f4 Neg4 11. Bc1 Bf8 12. h3 Nh6 13. Qf3 d5 14. e5 Bc5 15.
Be3 c6 16. Rae1 Nd7 17. Kh1 Bb6 18. Bf2 Nc5 19. g4 Bd7 20. f5 Nxb3 21. Nxb3 d4
22. Ne4 c5 23. Bg3 Rc8 24. Qf4 f6 25. exf6 Bc6 26. Kh2 Bc7 27. Qg5 Bxg3+ 28.
Kxg3 Qc7+ 29. Kf3 Rxe4 30. Rxe4 Bxe4+ 31. Kxe4 Re8+ 32. Kd5 Qc6+ 33. Kc4 b5+
34. Kd3 Qe4+ 35. Kd2 Qe2+ 0-1

[Event "43. Olimpiada Batumi 2018 Femenina"]
[Site "Batumi GEO"]
[Date "2018.09.26"]
[Round "3.2"]
[White "Steil-Antoni, Fiona"]
[Black "Nakabo, Peninah"]
[Result "1-0"]
[WhiteElo "2143"]
[BlackElo "1581"]
[PlyCount "43"]
[EventDate "2018.09.24"]
[EventType "team-swiss"]
[EventRounds "11"]
[EventCountry "GEO"]
[SourceTitle "Ajedrez en Madrid"]
[Source "lmi"]
[SourceDate "2018.09.24"]
[WhiteTeam "Luxembourg"]
[BlackTeam "Uganda"]
[WhiteTeamCountry "LUX"]
[BlackTeamCountry "UGA"]

1. e4 c6 2. d4 d5 3. Nc3 dxe4 4. Nxe4 Bf5 5. Ng3 Bg6 6. Nf3 Nf6 7. Ne5 e6 8. h4
h6 9. Nxg6 fxg6 10. Bd3 Kf7 11. h5 g5 12. Qe2 Qd7 13. O-O Bd6 14. Bg6+ Kf8 15.
Bd2 Bxg3 16. fxg3 Qxd4+ 17. Kh1 Ke7 18. Bc3 Qd7 19. Rad1 Qc8 20. Qe5 Nbd7 21.
Qd6+ Kd8 22. Rxf6 1-0

[Event "43. Olimpiada Batumi 2018 Femenina"]
[Site "Batumi GEO"]
[Date "2018.09.26"]
[Round "3.3"]
[White "Nansubuga, Gloria"]
[Black "Bakalarz, Grazyna"]
[Result "0-1"]
[WhiteElo "1415"]
[BlackElo "1849"]
[PlyCount "98"]
[EventDate "2018.09.24"]
[EventType "team-swiss"]
[EventRounds "11"]
[EventCountry "GEO"]
[SourceTitle "Ajedrez en Madrid"]
[Source "lmi"]
[SourceDate "2018.09.24"]
[WhiteTeam "Uganda"]
[BlackTeam "Luxembourg"]
[WhiteTeamCountry "UGA"]
[BlackTeamCountry "LUX"]

1. d4 Nf6 2. c4 g6 3. Nc3 d5 4. e3 Bg7 5. h3 O-O 6. Nf3 c5 7. dxc5 dxc4 8. Qxd8
Rxd8 9. Bxc4 Na6 10. Bxa6 bxa6 11. O-O Bb7 12. Rb1 Nd7 13. Bd2 Nxc5 14. Rfd1
Nd3 15. b3 Rac8 16. Ne2 Be4 17. Ng3 Bxf3 18. gxf3 Nb2 19. Rdc1 Rxc1+ 20. Bxc1
Rd1+ 21. Kg2 Nd3 22. Ne2 Re1 23. e4 Rxe2 24. Be3 Be5 25. Bxa7 Rxa2 26. Rd1 Nf4+
27. Kg3 Ne6+ 28. Kg2 Ra1 29. Rxa1 Bxa1 30. b4 Bd4 31. Bb8 Bc3 32. Kf1 Bxb4 33.
Be5 f6 34. Bb2 a5 35. Ke2 Nf4+ 36. Kd1 Nxh3 37. Bd4 h5 38. Kc2 h4 39. Kb3 Nf4
40. e5 h3 41. exf6 exf6 42. Bxf6 h2 43. Bg5 h1=Q 44. Bxf4 Qxf3+ 45. Be3 Qd5+
46. Ka4 Qc4 47. Bh6 Bc3+ 48. Ka3 Qb4+ 49. Ka2 Qb2# 0-1

[Event "43. Olimpiada Batumi 2018 Femenina"]
[Site "Batumi GEO"]
[Date "2018.09.26"]
[Round "3.4"]
[White "Blond Hanten, Elsa"]
[Black "Ampaire, Shakira"]
[Result "1-0"]
[WhiteElo "1635"]
[BlackElo "1512"]
[PlyCount "59"]
[EventDate "2018.09.24"]
[EventType "team-swiss"]
[EventRounds "11"]
[EventCountry "GEO"]
[SourceTitle "Ajedrez en Madrid"]
[Source "lmi"]
[SourceDate "2018.09.24"]
[WhiteTeam "Luxembourg"]
[BlackTeam "Uganda"]
[WhiteTeamCountry "LUX"]
[BlackTeamCountry "UGA"]

1. e4 e5 2. Nf3 Nc6 3. Bc4 Bc5 4. c3 Nf6 5. d3 d6 6. O-O O-O 7. Nbd2 a6 8. Bb3
Qe7 9. h3 Be6 10. Re1 Rae8 11. Nf1 h6 12. Ng3 Kh7 13. Bc2 Qd7 14. d4 Bb6 15. d5
Bxh3 16. dxc6 bxc6 17. gxh3 Qxh3 18. Be3 c5 19. Bd3 Qg4 20. Bxa6 h5 21. Ng5+
Kg6 22. Be2 Qh4 23. Nf5 Qxg5+ 24. Bxg5 Kxg5 25. Qd2+ Kg6 26. Kh2 Ng4+ 27. Bxg4
hxg4 28. Kg3 Rh8 29. Kxg4 Kf6 30. Qg5+ 1-0

[Event "43. Olimpiada Batumi 2018 Femenina"]
[Site "Batumi GEO"]
[Date "2018.09.26"]
[Round "3.1"]
[White "Perez Rodriguez, Jennifer"]
[Black "Liu, Yang Hazel"]
[Result "1/2-1/2"]
[WhiteElo "2159"]
[BlackElo "2064"]
[PlyCount "75"]
[EventDate "2018.09.24"]
[EventType "team-swiss"]
[EventRounds "11"]
[EventCountry "GEO"]
[SourceTitle "Ajedrez en Madrid"]
[Source "lmi"]
[SourceDate "2018.09.24"]
[WhiteTeam "Paraguay"]
[BlackTeam "Singapore"]
[WhiteTeamCountry "PAR"]
[BlackTeamCountry "SIN"]

1. Nf3 Nf6 2. d4 c5 3. e3 d5 4. c3 e6 5. Bd3 Nc6 6. Nbd2 Bd6 7. O-O O-O 8. dxc5
Bxc5 9. e4 b6 10. e5 Ng4 11. Nb3 Ncxe5 12. Nxe5 Nxe5 13. Bxh7+ Kxh7 14. Qh5+
Kg8 15. Qxe5 Be7 16. f4 Bf6 17. Qe2 Qc7 18. Be3 Qc4 19. Qf2 Ba6 20. Rfe1 Qc7
21. Bd4 Bxd4 22. Nxd4 Bd3 23. Re3 Be4 24. Rh3 Qe7 25. Nc6 Qd6 26. Nd4 Qe7 27.
Rf1 g6 28. Qg3 Rae8 29. f5 exf5 30. Nxf5 Bxf5 31. Rxf5 Qe1+ 32. Rf1 Qxg3 33.
Rxg3 Re2 34. Rf2 Re1+ 35. Rf1 Re2 36. Rf2 Re1+ 37. Rf1 Re2 38. Rf2 1/2-1/2

[Event "43. Olimpiada Batumi 2018 Femenina"]
[Site "Batumi GEO"]
[Date "2018.09.26"]
[Round "3.2"]
[White "Hng, Mei-En Emmanuelle"]
[Black "Avalos, Leticia"]
[Result "1-0"]
[WhiteElo "2020"]
[BlackElo "1704"]
[PlyCount "107"]
[EventDate "2018.09.24"]
[EventType "team-swiss"]
[EventRounds "11"]
[EventCountry "GEO"]
[SourceTitle "Ajedrez en Madrid"]
[Source "lmi"]
[SourceDate "2018.09.24"]
[WhiteTeam "Singapore"]
[BlackTeam "Paraguay"]
[WhiteTeamCountry "SIN"]
[BlackTeamCountry "PAR"]

1. e4 e6 2. d4 d5 3. Nc3 Nc6 4. Bb5 Nf6 5. e5 Nd7 6. Be3 Bb4 7. Qg4 g6 8. a3
Bf8 9. Bxc6 bxc6 10. Bg5 Be7 11. Bh6 c5 12. Nf3 Ba6 13. dxc5 Bxc5 14. b4 Bf8
15. Bg5 Be7 16. Bh6 c5 17. b5 Bxb5 18. Rb1 Bc6 19. O-O Qa5 20. Ne2 Bb5 21. Rfe1
Bxe2 22. Rxe2 Qxa3 23. Ng5 Bxg5 24. Qxg5 Qa2 25. Rbe1 Rb8 26. h3 Rb2 27. Rc1
Qc4 28. Qd2 Nb6 29. Ra1 Ra2 30. Rxa2 Qxa2 31. Qd3 Qa1+ 32. Kh2 Nc4 33. Qb3 Nb6
34. Qb5+ Kd8 35. Bg5+ Kc7 36. Qxc5+ Kb7 37. Qe7+ Ka8 38. Qxf7 Qa6 39. Re3 Nc4
40. Rb3 Nxe5 41. Qf6 Qc8 42. Qxe5 Rf8 43. Bf4 g5 44. Rc3 Qe8 45. Qxg5 Rf5 46.
Qh4 e5 47. Bg3 Rf7 48. Qg4 Rf8 49. Qg5 d4 50. Rb3 a6 51. Bxe5 Qc6 52. Bg3 Rc8
53. Qg7 a5 54. Qxd4 1-0

[Event "43. Olimpiada Batumi 2018 Femenina"]
[Site "Batumi GEO"]
[Date "2018.09.26"]
[Round "3.3"]
[White "Martinez Ramirez, Anahi"]
[Black "Siew, Kai Xin"]
[Result "0-1"]
[WhiteElo "1510"]
[BlackElo "1751"]
[PlyCount "65"]
[EventDate "2018.09.24"]
[EventType "team-swiss"]
[EventRounds "11"]
[EventCountry "GEO"]
[SourceTitle "Ajedrez en Madrid"]
[Source "lmi"]
[SourceDate "2018.09.24"]
[WhiteTeam "Paraguay"]
[BlackTeam "Singapore"]
[WhiteTeamCountry "PAR"]
[BlackTeamCountry "SIN"]

1. e4 c5 2. Nf3 Nc6 3. d4 cxd4 4. Nxd4 g6 5. Nc3 Bg7 6. Be3 Nf6 7. Bc4 Qa5 8.
O-O O-O 9. h3 d6 10. Bb3 Bd7 11. f4 a6 12. Nde2 b5 13. Ng3 Qc7 14. Bd5 Rac8 15.
Bxc6 Bxc6 16. Rf2 Qb7 17. Bd4 b4 18. Nd5 Bxd5 19. exd5 Qxd5 20. Rd2 Qb7 21. a3
bxa3 22. Rxa3 Nd7 23. Rb3 Bxd4+ 24. Rxd4 Qa7 25. Kh2 Nf6 26. c3 Rb8 27. Rxb8
Rxb8 28. Qe2 Rb6 29. Rd1 Qb7 30. b4 d5 31. Qe5 Rc6 32. Rd3 Qb5 33. Qd4 0-1

[Event "43. Olimpiada Batumi 2018 Femenina"]
[Site "Batumi GEO"]
[Date "2018.09.26"]
[Round "3.4"]
[White "Hng, Mei-Xian Eunice"]
[Black "Carreras Colman, Luz Gabriela"]
[Result "1-0"]
[WhiteElo "1687"]
[BlackElo "1397"]
[PlyCount "57"]
[EventDate "2018.09.24"]
[EventType "team-swiss"]
[EventRounds "11"]
[EventCountry "GEO"]
[SourceTitle "Ajedrez en Madrid"]
[Source "lmi"]
[SourceDate "2018.09.24"]
[WhiteTeam "Singapore"]
[BlackTeam "Paraguay"]
[WhiteTeamCountry "SIN"]
[BlackTeamCountry "PAR"]

1. e4 e5 2. Nf3 d6 3. d4 exd4 4. c3 d5 5. exd5 Qxd5 6. Nxd4 Nf6 7. Nd2 Be7 8.
N2f3 c5 9. Qa4+ Bd7 10. Nb5 Bd8 11. Bc4 Qe4+ 12. Be3 O-O 13. O-O b6 14. Rfe1
Qb7 15. Qb3 Bxb5 16. Qxb5 Qc6 17. Qb3 Nbd7 18. Rad1 Bc7 19. Bg5 Rad8 20. Re7
Kh8 21. Bb5 c4 22. Qa4 Qc5 23. Rexd7 Rxd7 24. Bxd7 Nxd7 25. Qxd7 f6 26. Be3 Qa5
27. Qxc7 Qxa2 28. Qe7 Kg8 29. h3 1-0